Pronósticos: estrategia y planificación para el siglo XXI

שמור ב:
מידע ביבליוגרפי
מחבר ראשי: Makridakis, Spyros G. (autor)
פורמט: ספר
שפה:ספרדית
יצא לאור: Madrid Diaz Santos 1993
נושאים:
תגים: הוספת תג
אין תגיות, היה/י הראשונ/ה לתייג את הרשומה!

MARC

LEADER 00000nam a2200000 a 4500
001 UCY0775
003 CL-VaPUC
008 940812e19930000SP |||||||||||||||||spa|d
082 0 4 |a 658.403  |b MAK  |2 21 
100 |a Makridakis, Spyros G.  |e autor  |9 559683 
245 1 0 |a Pronósticos: estrategia y planificación para el siglo XXI 
300 |a 319 p 
942 |c BK 
945 |d 19940812 00:00:00  |a mfernand 
260 |a Madrid  |b Diaz Santos  |c 1993 
650 7 |a PREDICCIONES  |2 CL-VaPUC  |9 260762 
650 7 |a PRONOSTICO DE LOS NEGOCIOS  |2 CL-VaPUC  |9 328602 
650 0 |a Análisis de series de tiempo   |9 260363 
583 |a last modification  |c 19940812 00:00:00  |k Rodrigo Vera 
999 |c 229694  |d 229692 
952 |0 0  |1 0  |4 0  |6 658_403000000000000_MAK_1993  |7 0  |8 A  |9 231150  |a BIBGIM  |b BIBGIM  |d 2019-11-15  |i 3006646  |o 658.403 MAK 1993  |p 3006646  |r 2025-01-15  |w 2019-11-15  |y BK  |k COM